000 00611nam a2200217 4500
001 32822
010 _a9789727932580
021 _aPT
_b466886/20
090 _a32822
100 _a20201029 frey50
101 _apor
102 _aPT
200 _aA ovelhinha que veio para o jantar
_fSteve Smallman
_gil. Joëlle Dreidemy
_gtrad. Pedro Costa
205 _a1ª. ed.
210 _aEstoril
_cMinutos de leitura
_d2020
215 _a[26] p.
_cil.
_d24 cm
700 _4070
_94357
_aSmallman
_bSteve
701 _4440
_94358
_aDreidemy
_bJoëlle
702 _4730
_92529
_aCosta
_bPedro
801 _aPT
_gRPC
990 _cLIVROS